La crisis rural (Record no. 171733)

MARC details
000 -LEADER
campo de control de longitud fija 00672nam a22001575i 4500
001 - NÚMERO DE CONTROL
campo de control 171733
003 - IDENTIFICADOR DE NÚMERO DE CONTROL
campo de control ES-MaACL
005 - FECHA Y HORA DE LA ÚLTIMA TRANSACCIÓN
campo de control 20250830063110.0
008 - DATOS DE LONGITUD FIJA--INFORMACIÓN GENERAL
campo de control de longitud fija 090527s1918 sp |||| | spa d
100 1# - ENTRADA PRINCIPAL--NOMBRE DE PERSONA
Nombre de persona Soler y Pérez, Francisco,
Fechas asociadas al nombre 1887-1922
9 (RLIN) 107201
245 13 - MENCIÓN DEL TÍTULO
Título La crisis rural
Resto del título : indefensión de España, desnacionalización del suelo, depauperación de la raza, insuficiencia de producción, crédito agrícola, cuestiones previas a la creación del Banco Nacional Agrario : ensayo /
Mención de responsabilidad, etc. Francisco Soler y Pérez.
260 ## - PUBLICACIÓN, DISTRIBUCIÓN, ETC.
Lugar de publicación, distribución, etc. Madrid :
Nombre del editor, distribuidor, etc. Francisco Beltran,
Fecha de publicación, distribución, etc. 1918.
300 ## - DESCRIPCIÓN FÍSICA
Extensión 86 p. ;
Dimensiones 18 cm.
852 ## - LOCALIZACIÓN
Ubicación ES-MaACL
Número de control de estantería 1488-F-5
Holdings
Estatus retirado Estado de pérdida Estado de daño No para préstamo Colección Biblioteca de origen Biblioteca actual Ubicación en estantería Fecha de adquisición Fuente de adquisición Total de préstamos Signatura topográfica completa Código de barras Visto por última vez Precio de reemplazo Tipo de ítem Koha
        Colección de folletos Biblioteca del Ateneo de Madrid Biblioteca del Ateneo de Madrid Depósito folletos 27/05/2009     1488-F-5 1180218 23/02/2023 23/02/2023 Folleto